Fennema's Food Chemistry

Sábháilte in:
Sonraí bibleagrafaíochta
Rannpháirtithe: Damodaran, Srinivasan (Eagarthóir), Parkin, Kirk L. (Eagarthóir)
Formáid: Anaithnid
Teanga:Béarla
Foilsithe / Cruthaithe: Boca Raton, FL., USA. CRC Press, 2017
Eagrán:Fifth edition
Clibeanna: Cuir clib leis
Níl clibeanna ann, Bí ar an gcéad duine le clib a chur leis an taifead seo!

MARC

LEADER 00000 a2200000 4500
003 CL-VaPUC
005 20201118130053.0
008 201118b ||||| |||| 00| 0 eng d
999 |c 431815  |d 431813 
020 |a 9781482208122 
040 |c Pontificia Universidad Católica de Valparaíso 
082 |a 664 DAM 2017 
100 |a Damodaran, Srinivasan   |9 856862  |e editor  
245 |a Fennema's Food Chemistry 
250 |a Fifth edition  
260 |a Boca Raton, FL., USA.  |b CRC Press,  |c 2017 
300 |a 1123 páginas;  |b ilustraciones  
583 |k Cristina Rojas  |c 20201118 
700 |a Parkin, Kirk L.  |e editor   |9 858283 
942 |2 ddc  |c BK 
952 |0 0  |1 0  |2 ddc  |4 0  |6 664_000000000000000_DAM_2017  |7 0  |9 576933  |a BIBING  |b BIBING  |d 2020-11-17  |e 3  |g 47796.00  |i 5577810  |o 664 DAM 2017  |p 5577810  |r 2025-01-20  |t 1  |v 47796.00  |w 2020-11-17  |y BK  |k EIB 
952 |0 0  |1 0  |2 ddc  |4 0  |6 664_000000000000000_DAM_2017  |7 0  |9 576934  |a BIBING  |b BIBING  |d 2020-11-17  |e 3  |g 47796.00  |i 5577829  |o 664 DAM 2017  |p 5577829  |r 2025-01-20  |t 2  |v 47796.00  |w 2020-11-17  |y BK  |k EIB